[Event "Mid Bohemia Region-chT 2223"]
[Site "Czech Republic"]
[Date "2023.04.02"]
[Round "11.7"]
[White "Riha, Jaroslav"]
[Black "Sedivy, Ondrej"]
[Result "1-0"]
[WhiteElo "1955"]
[BlackElo "1787"]
[PlyCount "67"]
[EventDate "2022.10.09"]
[EventType "team-tourn"]
[EventRounds "11"]
[EventCountry "CZE"]
[SourceTitle "EXT 2024"]
[Source "ChessBase"]
[SourceDate "2023.10.10"]
[SourceVersion "1"]
[SourceVersionDate "2023.10.10"]
[SourceQuality "1"]
[WhiteTeam "Ricany III"]
[BlackTeam "Cesky Brod"]
[WhiteTeamCountry "CZE"]
[BlackTeamCountry "CZE"]

1. e4 e6 2. d4 d5 3. Nd2 Nf6 4. e5 Nfd7 5. Bd3 c5 6. c3 Nc6 7. Ne2 Be7 8. 0-0 c4 9. Bc2 0-0 10. Re1 b5 11. Ng3 Re8 12. Qg4 g6 13. Nf3 Bf8 14. Bg5 Qc7 15. h4 Nd8 16. h5 Bg7 17. Bf4 Rb8 18. Ng5 b4 19. Nxh7 Kxh7 20. hxg6+ fxg6 21. Qxg6+ Kg8 22. Qxe8+ Nf8 23. Qh5 bxc3 24. bxc3 Bd7 25. Qg4 Be8 26. Rab1 Rb6 27. Rxb6 axb6 28. Re3 Qf7 29. Rf3 Qd7 30. Bh6 Qe7 31. Bg5 Qd7 32. Bf6 Nb7 33. Ba4 Qf7 34. Bxe8 1-0

[Event "CZE-chT2B 1920"]
[Site "Czech Republic"]
[Date "2020.02.09"]
[Round "8.1"]
[White "Neuman, Petr"]
[Black "Riha, Jaroslav"]
[Result "1-0"]
[WhiteElo "2366"]
[BlackElo "2087"]
[PlyCount "81"]
[EventDate "2019.10.13"]
[EventType "team-tourn"]
[EventRounds "11"]
[EventCountry "CZE"]
[SourceTitle "EXT 2024"]
[Source "ChessBase"]
[SourceDate "2023.10.10"]
[SourceVersion "1"]
[SourceVersionDate "2023.10.10"]
[SourceQuality "1"]
[WhiteTeam "Kolesovice Cesky Lev"]
[BlackTeam "Usti nad Labem"]
[WhiteTeamCountry "CZE"]
[BlackTeamCountry "CZE"]

1. d4 Nf6 2. c4 c5 3. d5 d6 4. Nc3 g6 5. e4 b5 6. cxb5 a6 7. bxa6 Bxa6 8. Bxa6 Nxa6 9. Nf3 Bg7 10. 0-0 0-0 11. Qe2 Nc7 12. Rd1 Ra7 13. e5 Nd7 14. Bf4 Re8 15. Rd2 Qa8 16. Re1 Nb6 17. Qd3 Bf8 18. h4 e6 19. exd6 Ncxd5 20. Be5 Nxc3 21. bxc3 Qc6 22. h5 Nd7 23. Qe3 f6 24. Bg3 Bg7 25. Qd3 Kf7 26. Rde2 Nf8 27. hxg6+ hxg6 28. Qc4 Ra4 29. Qb3 c4 30. Qc2 Rea8 31. Nd4 Qd7 32. Qe4 Rxa2 33. Rxa2 Rxa2 34. Rb1 f5 35. Qe3 Qa7 36. Be5 Ra1 37. Rxa1 Qxa1+ 38. Kh2 Bxe5+ 39. Qxe5 Qa6 40. Qc5 Nd7 41. Qc7 1-0

[Event "Pardubice op rapid 28th"]
[Site "Pardubice"]
[Date "2017.07.20"]
[Round "7"]
[White "Pacl, Vaclav"]
[Black "Riha, Jaroslav"]
[Result "1-0"]
[WhiteElo "2106"]
[BlackElo "2109"]
[PlyCount "59"]
[EventDate "2017.07.19"]
[EventType "swiss (rapid)"]
[EventRounds "9"]
[EventCountry "CZE"]
[SourceTitle "CBM 179 Extra"]
[Source "ChessBase"]
[SourceDate "2017.08.23"]
[SourceVersion "1"]
[SourceVersionDate "2017.08.23"]
[SourceQuality "1"]

1. Nf3 Nf6 2. d4 g6 3. Bg5 c5 4. c3 cxd4 5. cxd4 Ne4 6. Bf4 Qa5+ 7. Nbd2 b5 8. Qc2 Bb7 9. Bc7 Qa4 10. b3 Qb4 11. a3 Qc3 12. Qxc3 Nxc3 13. Rc1 Nd5 14. Be5 Nf6 15. Rc7 Ba6 16. e4 Nc6 17. a4 Kd8 18. axb5 Nxe5 19. Rc1 Nxf3+ 20. Nxf3 Bb7 21. Ne5 Ke8 22. f3 d6 23. Nc6 Nd7 24. Be2 d5 25. e5 e6 26. Kf2 Nb6 27. Na5 Bc8 28. Rc7 Bh6 29. g3 Bg5 30. Nc6 1-0

[Event "Pardubice op rapid 28th"]
[Site "Pardubice"]
[Date "2017.07.20"]
[Round "5"]
[White "Vrana, Jan"]
[Black "Riha, Jaroslav"]
[Result "1-0"]
[WhiteElo "2307"]
[BlackElo "2109"]
[PlyCount "53"]
[EventDate "2017.07.19"]
[EventType "swiss (rapid)"]
[EventRounds "9"]
[EventCountry "CZE"]
[SourceTitle "CBM 179 Extra"]
[Source "ChessBase"]
[SourceDate "2017.08.23"]
[SourceVersion "1"]
[SourceVersionDate "2017.08.23"]
[SourceQuality "1"]

1. e4 c5 2. Nf3 e6 3. c3 d5 4. exd5 Qxd5 5. d4 Nf6 6. Be3 cxd4 7. cxd4 Nc6 8. Nc3 Qa5 9. Bd3 Be7 10. 0-0 0-0 11. a3 a6 12. b4 Qc7 13. Rc1 Rd8 14. Qe2 Bd7 15. Rfd1 Be8 16. Bb1 Rac8 17. Bg5 h6 18. Bh4 Qb6 19. d5 Na7 20. Ba2 Nb5 21. Na4 Nd4 22. Nxd4 Bxa4 23. Rxc8 Rxc8 24. dxe6 Qxd4 25. exf7+ Kf8 26. Rxd4 Rc1+ 27. Qf1 1-0

[Event "Rakovnik Regional-chT 1415"]
[Site "Rakovnik"]
[Date "2015.04.12"]
[Round "11.7"]
[White "Riha, Jaroslav"]
[Black "Pechoc, Bohumil"]
[Result "1-0"]
[WhiteElo "2087"]
[BlackElo "1934"]
[PlyCount "111"]
[EventDate "2014.10.19"]
[EventType "team-tourn"]
[EventRounds "11"]
[EventCountry "CZE"]
[SourceTitle "EXT 2016"]
[Source "ChessBase"]
[SourceDate "2015.10.08"]
[SourceVersion "1"]
[SourceVersionDate "2015.10.08"]
[SourceQuality "1"]
[WhiteTeam "Ricany III"]
[BlackTeam "Pribram Pyrit"]
[WhiteTeamCountry "CZE"]
[BlackTeamCountry "CZE"]

1. e4 c5 2. Nf3 Nc6 3. d4 cxd4 4. Nxd4 e6 5. Be3 Nf6 6. Bd3 Be7 7. 0-0 0-0 8. Nc3 d5 9. exd5 Nxd4 10. Bxd4 Nxd5 11. Nxd5 Qxd5 12. c4 Qd6 13. Bc3 Rd8 14. Be4 Qc5 15. Qe2 f6 16. Rad1 Rb8 17. Rxd8+ Bxd8 18. Rd1 Be7 19. a3 Qc7 20. Qh5 g6 21. Bxg6 hxg6 22. Qxg6+ Kf8 23. Bxf6 Bd6 24. Qh6+ Ke8 25. Qh8+ Kd7 26. Be5 Kc6 27. Rxd6+ Qxd6 28. Bxd6 Kxd6 29. f4 Kc6 30. b4 b6 31. b5+ Kb7 32. Qe8 Ka8 33. h4 a6 34. g4 a5 35. Kf2 Ka7 36. g5 Bb7 37. Qxe6 Rd8 38. Qe3 Rc8 39. Qd4 Re8 40. Kg3 Re4 41. Qd3 Re1 42. f5 Rg1+ 43. Kf4 Rh1 44. Kg4 Bc8 45. Kh5 Rh2 46. g6 Rf2 47. Kg5 Rg2+ 48. Kh6 Rf2 49. g7 Bxf5 50. Qxf5 Rxf5 51. g8Q Rc5 52. h5 Rc7 53. Kg6 a4 54. h6 Rc8 55. Qg7+ Ka8 56. h7 1-0

[Event "Rakovnik Regional-chT 1415"]
[Site "Rakovnik"]
[Date "2015.03.01"]
[Round "9.8"]
[White "Popelka, Pavel"]
[Black "Riha, Jaroslav"]
[Result "0-1"]
[WhiteElo "1931"]
[BlackElo "2087"]
[PlyCount "41"]
[EventDate "2014.10.19"]
[EventType "team-tourn"]
[EventRounds "11"]
[EventCountry "CZE"]
[SourceTitle "EXT 2016"]
[Source "ChessBase"]
[SourceDate "2015.10.08"]
[SourceVersion "1"]
[SourceVersionDate "2015.10.08"]
[SourceQuality "1"]
[WhiteTeam "Kralupy nad Vltavou"]
[BlackTeam "Ricany III"]
[WhiteTeamCountry "CZE"]
[BlackTeamCountry "CZE"]

1. d4 Nf6 2. c4 g6 3. Nf3 Bg7 4. Nc3 0-0 5. e4 d6 6. h3 e5 7. d5 Nbd7 8. Qc2 h6 9. Be3 b6 10. Be2 Ne8 11. g4 Nc5 12. b4 Na6 13. a3 Nb8 14. c5 bxc5 15. bxc5 f5 16. gxf5 gxf5 17. c6 a5 18. 0-0-0 Na6 19. exf5 Bxf5 20. Ne4 Nc5 21. Nxc5 0-1

[Event "Rakovnik Regional-chT 1415"]
[Site "Rakovnik"]
[Date "2014.10.19"]
[Round "1.6"]
[White "Riha, Jaroslav"]
[Black "Grulich, Jiri"]
[Result "1-0"]
[WhiteElo "2087"]
[BlackElo "1954"]
[PlyCount "39"]
[EventDate "2014.10.19"]
[EventType "team-tourn"]
[EventRounds "11"]
[EventCountry "CZE"]
[SourceTitle "EXT 2016"]
[Source "ChessBase"]
[SourceDate "2015.10.08"]
[SourceVersion "1"]
[SourceVersionDate "2015.10.08"]
[SourceQuality "1"]
[WhiteTeam "Ricany III"]
[BlackTeam "Rakovnik"]
[WhiteTeamCountry "CZE"]
[BlackTeamCountry "CZE"]

1. e4 e6 2. d4 d5 3. Nd2 c5 4. c3 cxd4 5. cxd4 dxe4 6. Nxe4 Nc6 7. Nf3 Be7 8. Bb5 Qa5+ 9. Nc3 Bd7 10. 0-0 a6 11. Bc4 Nf6 12. d5 exd5 13. Nxd5 Nxd5 14. Bxd5 Qc7 15. Re1 0-0 16. Bd2 Bf6 17. Qb3 Nd8 18. Rac1 Bc6 19. Bb4 Bxd5 20. Qxd5 1-0

[Event "CZE-chT2B 1314"]
[Site "Czech Republic"]
[Date "2014.03.02"]
[Round "9.6"]
[White "Riha, Jaroslav"]
[Black "Dvorak, Jaroslav"]
[Result "1-0"]
[WhiteElo "2028"]
[BlackElo "2058"]
[PlyCount "127"]
[EventDate "2013.11.03"]
[EventType "team-tourn"]
[EventRounds "11"]
[EventCountry "CZE"]
[SourceTitle "EXT 2015"]
[Source "ChessBase"]
[SourceDate "2014.11.20"]
[SourceVersion "1"]
[SourceVersionDate "2014.11.20"]
[SourceQuality "1"]
[WhiteTeam "Usti nad Labem"]
[BlackTeam "Litvinov Lom"]
[WhiteTeamCountry "CZE"]
[BlackTeamCountry "CZE"]

1. c4 e5 2. g3 Nf6 3. Bg2 Nc6 4. Nf3 Be7 5. 0-0 0-0 6. Nc3 d6 7. d3 h6 8. Rb1 Rb8 9. b4 a6 10. b5 axb5 11. Rxb5 b6 12. Nd5 Bg4 13. Rb1 Re8 14. h3 Bxf3 15. Bxf3 Nd4 16. Bg2 Nd7 17. e3 Ne6 18. Nb4 Qc8 19. f4 Nd8 20. Qa4 Nb7 21. Nc6 Ra8 22. Qc2 Bf6 23. d4 Na5 24. fxe5 dxe5 25. Nxe5 Nxe5 26. dxe5 Bxe5 27. Bxa8 Qxa8 28. Qf2 f6 29. c5 Qe4 30. Bb2 Nc4 31. Bxe5 Qxe5 32. cxb6 cxb6 33. Rb3 Rd8 34. Qf4 Qc5 35. Rc1 b5 36. a4 Qa7 37. axb5 Nd2 38. Rbc3 Qb7 39. Rc7 Qxb5 40. Qg4 Qg5 41. Qxg5 Nf3+ 42. Kg2 Nxg5 43. R1c2 Re8 44. Rc8 Rxc8 45. Rxc8+ Kf7 46. Rc7+ Kg6 47. h4 Ne6 48. Ra7 h5 49. Kf3 Nd8 50. Kf4 Nc6 51. Ra6 Ne5 52. Ra5 Nd3+ 53. Kf3 Ne5+ 54. Rxe5 fxe5 55. Ke4 Kf6 56. Kd5 Kf5 57. e4+ Kg4 58. Kxe5 Kxg3 59. Kf5 Kxh4 60. e5 g5 61. e6 g4 62. e7 Kh3 63. e8Q h4 64. Qe1 1-0

[Event "CZE-chT2B 1314"]
[Site "Czech Republic"]
[Date "2013.12.01"]
[Round "3.5"]
[White "Riha, Jaroslav"]
[Black "Chaloupka, Martin"]
[Result "1-0"]
[WhiteElo "2028"]
[BlackElo "1869"]
[PlyCount "55"]
[EventDate "2013.11.03"]
[EventType "team-tourn"]
[EventRounds "11"]
[EventCountry "CZE"]
[SourceTitle "EXT 2015"]
[Source "ChessBase"]
[SourceDate "2014.11.20"]
[SourceVersion "1"]
[SourceVersionDate "2014.11.20"]
[SourceQuality "1"]
[WhiteTeam "Usti nad Labem"]
[BlackTeam "Litomerice"]
[WhiteTeamCountry "CZE"]
[BlackTeamCountry "CZE"]

1. c4 e6 2. g3 d5 3. Bg2 c6 4. Qc2 f5 5. d4 Nf6 6. Bg5 Nbd7 7. Nd2 Qa5 8. Bxf6 Nxf6 9. Ngf3 Ne4 10. 0-0 Nxd2 11. Nxd2 Bd7 12. a3 Be7 13. e3 0-0 14. f4 Rac8 15. b4 Qd8 16. c5 g5 17. Rfb1 Bf6 18. Nf3 b5 19. a4 a6 20. axb5 axb5 21. Ra7 g4 22. Nd2 Ra8 23. Rba1 Rxa7 24. Rxa7 Qc8 25. Qa2 Bd8 26. Ra8 Qc7 27. Qa6 Kf7 28. Ra7 1-0

[Event "Teplice op 8th"]
[Site "Teplice"]
[Date "2013.06.18"]
[Round "4"]
[White "Sadilek, Peter"]
[Black "Riha, Jaroslav"]
[Result "1/2-1/2"]
[WhiteElo "2267"]
[BlackElo "2035"]
[PlyCount "58"]
[EventDate "2013.06.15"]
[EventType "swiss"]
[EventRounds "9"]
[EventCountry "CZE"]
[SourceTitle "CBM 155 Extra"]
[Source "ChessBase"]
[SourceDate "2013.08.26"]
[SourceVersion "1"]
[SourceVersionDate "2013.08.26"]
[SourceQuality "1"]

1. d4 Nf6 2. c4 g6 3. Nc3 c5 4. d5 d6 5. Nf3 Bg7 6. h3 0-0 7. e4 b5 8. cxb5 a6 9. bxa6 Bxa6 10. Bxa6 Rxa6 11. 0-0 Nbd7 12. Qe2 Qa8 13. Rd1 Nb6 14. Bg5 Re8 15. e5 dxe5 16. Nxe5 Nbxd5 17. Bxf6 Nxc3 18. Qc4 Rxf6 19. bxc3 Rf5 20. Ng4 Qa3 21. Ne3 Re5 22. Qb5 Qa8 23. a4 Rb8 24. Qc4 Re4 25. Qxc5 Rxa4 26. Rxa4 Qxa4 27. Qxe7 Bxc3 28. Qc7 Re8 29. Qxc3 Rxe3 1/2-1/2

[Event "Teplice op 7th"]
[Site "Teplice"]
[Date "2012.06.21"]
[Round "6"]
[White "Olsarova, Tereza"]
[Black "Riha, Jaroslav"]
[Result "1-0"]
[WhiteElo "2209"]
[BlackElo "1945"]
[PlyCount "63"]
[EventDate "2012.06.16"]
[EventType "swiss"]
[EventRounds "9"]
[EventCountry "CZE"]
[SourceTitle "CBM 149 Extra"]
[Source "ChessBase"]
[SourceDate "2012.08.24"]
[SourceVersion "1"]
[SourceVersionDate "2012.08.24"]
[SourceQuality "1"]

1. b3 d6 2. Bb2 Nf6 3. f4 g6 4. e4 Bg7 5. Nf3 0-0 6. Bd3 c5 7. 0-0 Nc6 8. Re1 a6 9. c4 Bg4 10. h3 Bxf3 11. Qxf3 e5 12. f5 Nh5 13. Nc3 Nd4 14. Qf1 Qg5 15. Nd5 Nf4 16. Bxd4 Nxd5 17. Bxc5 dxc5 18. cxd5 Qxd2 19. a4 Qb4 20. Bc4 Rab8 21. a5 Bf6 22. fxg6 fxg6 23. Qe2 Kg7 24. Qb2 Rbe8 25. Red1 b5 26. axb6 Qxb6 27. Rxa6 Qb4 28. Ra7+ Kh8 29. d6 Qb6 30. Ra6 Qb7 31. d7 Rd8 32. Rxf6 1-0

[Event "CZE Czechia-ch U14"]
[Site "Harrachov"]
[Date "2009.10.30"]
[Round "8"]
[White "Kopriva, Martin"]
[Black "Riha, Jaroslav"]
[Result "0-1"]
[WhiteElo "1463"]
[BlackElo "1704"]
[PlyCount "146"]
[EventDate "2009.10.24"]
[EventType "swiss"]
[EventRounds "9"]
[EventCountry "CZE"]
[SourceTitle "EXT 2012"]
[Source "ChessBase"]
[SourceDate "2011.11.24"]
[SourceVersion "1"]
[SourceVersionDate "2011.11.24"]
[SourceQuality "1"]

1. d4 Nf6 2. c4 g6 3. Nc3 Bg7 4. Nf3 0-0 5. g3 d6 6. Bg2 Bd7 7. 0-0 Qc8 8. b3 Bh3 9. Bb2 Bxg2 10. Kxg2 Nbd7 11. e3 c5 12. Qd2 a6 13. Rac1 Qd8 14. Rfd1 Rb8 15. Qe2 Qa5 16. dxc5 Nxc5 17. Nd4 Rfc8 18. Nc2 Nfe4 19. Nxe4 Nxe4 20. Bxg7 Kxg7 21. Nd4 b6 22. Qb2 Nf6 23. a3 Rc7 24. Rc2 Rbc8 25. Rdc1 Kg8 26. f3 Qe5 27. Rc3 d5 28. Kf2 dxc4 29. bxc4 Nd7 30. Qb4 Nc5 31. Qb1 Qh5 32. Kg2 Qe5 33. Kf2 Qd6 34. Qc2 Rd8 35. Rd1 e5 36. Nb5 Qxd1 37. Qxd1 Rxd1 38. Nxc7 Rd2+ 39. Kg1 Rb2 40. Nd5 f5 41. g4 Kg7 42. g5 h6 43. h4 hxg5 44. hxg5 e4 45. f4 Nd3 46. Kf1 Kf7 47. Nc7 a5 48. Nd5 Ke6 49. Kg1 Kd6 50. Kf1 Nc5 51. Ke1 Na4 52. Rc1 Rh2 53. Rd1 Rh1+ 54. Ke2 Rxd1 55. Kxd1 Nb2+ 56. Ke2 Nxc4 57. Nf6 Nxa3 58. Nh7 Ke7 59. Nf6 Nc4 60. Nd5+ Kd6 61. Nc3 Kc5 62. Na2 b5 63. Nc1 a4 64. Na2 b4 65. Kf2 Nb2 66. Ke2 Kc4 67. Kd2 Nd3 68. Ke2 b3 69. Kf1 bxa2 70. Kg2 a1Q 71. Kh2 Qf1 72. Kg3 Qg1+ 73. Kh3 Nf2+ 0-1

[Event "Usti nad Labem op"]
[Site "Usti nad Labem"]
[Date "2009.??.??"]
[Round "1"]
[White "Kucera, Petr1111"]
[Black "Riha, Jaroslav"]
[Result "1/2-1/2"]
[WhiteElo "2025"]
[BlackElo "2053"]
[PlyCount "40"]
[EventDate "2009.??.??"]
[EventType "swiss"]
[EventRounds "7"]
[EventCountry "CZE"]
[SourceTitle "EXT 2011"]
[Source "ChessBase"]
[SourceDate "2010.11.26"]
[SourceVersion "1"]
[SourceVersionDate "2010.11.26"]
[SourceQuality "1"]

1. e4 c5 2. Nf3 e6 3. d4 cxd4 4. Nxd4 Nc6 5. c4 Nf6 6. Nc3 Qc7 7. Be2 a6 8. 0-0 d6 9. Be3 Be7 10. Rc1 0-0 11. f4 Rd8 12. Qe1 Bd7 13. Qf2 Re8 14. h3 Rac8 15. Kh1 b6 16. Nxc6 Bxc6 17. Bxb6 Qb7 18. e5 Ne4 19. Nxe4 Bxe4 20. b3 Bxg2+ 1/2-1/2

[Event "Usti nad Labem op"]
[Site "Usti nad Labem"]
[Date "2009.??.??"]
[Round "6"]
[White "Kudela, Stanislav"]
[Black "Riha, Jaroslav"]
[Result "1-0"]
[WhiteElo "2010"]
[BlackElo "2053"]
[PlyCount "51"]
[EventDate "2009.??.??"]
[EventType "swiss"]
[EventRounds "7"]
[EventCountry "CZE"]
[SourceTitle "EXT 2011"]
[Source "ChessBase"]
[SourceDate "2010.11.26"]
[SourceVersion "1"]
[SourceVersionDate "2010.11.26"]
[SourceQuality "1"]

1. e4 c5 2. Nf3 Nc6 3. d4 cxd4 4. Nxd4 Nf6 5. Nc3 g6 6. Be3 Bg7 7. Be2 0-0 8. Qd2 Re8 9. h4 d5 10. Nxc6 bxc6 11. 0-0-0 Be6 12. e5 Ne4 13. Nxe4 dxe4 14. Qc3 Qc7 15. f4 Rab8 16. g4 Rb7 17. b3 a5 18. h5 a4 19. hxg6 hxg6 20. Bd4 axb3 21. axb3 c5 22. Qxc5 Bxb3 23. cxb3 Rc8 24. Qxc7 Rbxc7+ 25. Bc4 Rb8 26. Kd2 1-0

[Event "Usti nad Labem op"]
[Site "Usti nad Labem"]
[Date "2009.??.??"]
[Round "5"]
[White "Mikes, Jan"]
[Black "Riha, Jaroslav"]
[Result "1-0"]
[WhiteElo "1780"]
[BlackElo "2053"]
[PlyCount "41"]
[EventDate "2009.??.??"]
[EventType "swiss"]
[EventRounds "7"]
[EventCountry "CZE"]
[SourceTitle "EXT 2011"]
[Source "ChessBase"]
[SourceDate "2010.11.26"]
[SourceVersion "1"]
[SourceVersionDate "2010.11.26"]
[SourceQuality "1"]

1. e4 c5 2. Nf3 Nc6 3. d4 cxd4 4. Nxd4 Nf6 5. Nc3 g6 6. Be3 Bg7 7. Bc4 0-0 8. Bb3 Qa5 9. f3 a6 10. Qd2 Rd8 11. 0-0-0 d6 12. g4 Ne5 13. h4 Qc7 14. h5 b5 15. hxg6 hxg6 16. Qh2 Nc4 17. Bh6 Bh8 18. Bf8 Kxf8 19. Qxh8+ Ng8 20. Rh7 e5 21. Qg7+ 1-0

[Event "CZE-chT2C 0809"]
[Site "Czech Republic"]
[Date "2008.11.09"]
[Round "2.8"]
[White "Riha, Jaroslav"]
[Black "Urban, Zdenek"]
[Result "0-1"]
[WhiteElo "2053"]
[BlackElo "2129"]
[PlyCount "46"]
[EventDate "2008.10.12"]
[EventType "team-tourn"]
[EventRounds "11"]
[EventCountry "CZE"]
[SourceTitle "EXT 2010"]
[Source "ChessBase"]
[SourceDate "2010.11.25"]
[SourceVersion "1"]
[SourceVersionDate "2010.11.25"]
[SourceQuality "1"]
[WhiteTeam "Ricany"]
[BlackTeam "Jicin"]
[WhiteTeamCountry "CZE"]
[BlackTeamCountry "CZE"]

1. e4 c5 2. Nf3 e6 3. d4 cxd4 4. Nxd4 Nf6 5. Bd3 Nc6 6. Be3 d5 7. exd5 Nxd5 8. Nxc6 bxc6 9. Bd2 Rb8 10. Qc1 Qf6 11. Nc3 Qe5+ 12. Kf1 Bc5 13. Ne4 Be7 14. c3 f5 15. Ng5 Bxg5 16. Bxg5 f4 17. c4 Ba6 18. Qe1 Qxg5 19. Qxe6+ Ne7 20. Re1 Qf6 21. Qh3 Rxb2 22. Qh5+ g6 23. Qa5 Qd4 0-1

[Event "Czechia KP-chTB 0607"]
[Site "Czech Republic"]
[Date "2007.04.01"]
[Round "11.7"]
[White "Wimmer, Jaroslav"]
[Black "Riha, Jaroslav"]
[Result "0-1"]
[WhiteElo "1869"]
[BlackElo "2075"]
[PlyCount "76"]
[EventDate "2006.10.29"]
[EventType "team"]
[EventRounds "11"]
[EventCountry "CZE"]
[SourceTitle "EXT 2008"]
[Source "ChessBase"]
[SourceDate "2007.11.25"]
[SourceVersion "1"]
[SourceVersionDate "2007.11.25"]
[SourceQuality "1"]
[WhiteTeam "Podebrady"]
[BlackTeam "Ricany II"]
[WhiteTeamCountry "CZE"]
[BlackTeamCountry "CZE"]

1. d4 Nf6 2. Nf3 g6 3. g3 Bg7 4. Bg2 d6 5. 0-0 0-0 6. Nbd2 Nc6 7. c3 e5 8. e4 Bg4 9. d5 Ne7 10. h3 Bd7 11. Qc2 Nh5 12. c4 f5 13. Re1 Rf7 14. Ng5 Rf6 15. Qd1 Qe8 16. h4 h6 17. Nh3 Qc8 18. Kh2 f4 19. Ng1 Bg4 20. Ndf3 Qd7 21. Qb3 b6 22. gxf4 Nxf4 23. Bxf4 Rxf4 24. Re3 Raf8 25. Bh3 Kh7 26. Rc1 Ng8 27. Rcc3 Nf6 28. Bg2 Bxf3 29. Nxf3 Ng4+ 30. Kg3 Nxe3 31. Rxe3 Qg4+ 32. Kh2 Bf6 33. Qa3 a5 34. Qd3 Bxh4 35. Nxh4 Qxh4+ 36. Rh3 Qxf2 37. Rg3 Rh4+ 38. Rh3 Rff4 0-1

[Event "CZE-chT2 0102"]
[Site "Czech Republic"]
[Date "2002.01.06"]
[Round "6.8"]
[White "Riha, Jaroslav"]
[Black "Janda, Zdenek"]
[Result "1/2-1/2"]
[WhiteElo "2117"]
[BlackElo "2217"]
[PlyCount "92"]
[EventDate "2001.10.??"]
[EventType "team"]
[EventRounds "11"]
[EventCountry "CZE"]
[SourceTitle "EXT 2006"]
[Source "ChessBase"]
[SourceDate "2005.11.24"]
[SourceVersion "1"]
[SourceVersionDate "2005.11.24"]
[SourceQuality "1"]

1. e4 d6 2. d4 Nf6 3. Nc3 g6 4. Be3 c6 5. Qd2 b5 6. Bd3 Bg7 7. Bh6 Bxh6 8. Qxh6 Qb6 9. Nce2 Na6 10. c3 Nc7 11. Nf3 Ne6 12. h3 Ng8 13. Qd2 h6 14. e5 d5 15. Qc2 c5 16. dxc5 Nxc5 17. Nfd4 a6 18. Nf4 Nxd3+ 19. Qxd3 e6 20. 0-0 Ne7 21. Rfe1 Bd7 22. Re3 Rb8 23. a3 a5 24. Qd2 0-0 25. Rg3 Kh7 26. Qd3 Be8 27. Nh5 Ng8 28. Rg4 Qd8 29. Re1 Kh8 30. Nf4 Rb6 31. h4 Ne7 32. h5 g5 33. Nh3 Rg8 34. Re3 Bd7 35. f4 gxf4 36. Rxg8+ Qxg8 37. Nxf4 Qg5 38. Qf1 Rb8 39. Qf3 Rg8 40. Nh3 Qg7 41. Re2 Nc6 42. Qe3 Nxd4 43. cxd4 Rc8 44. Rf2 b4 45. axb4 axb4 46. Kh2 Rg8 1/2-1/2

[Event "CZE-chT2V 0203"]
[Site "Czech Republic"]
[Date "2002.??.??"]
[Round "5"]
[White "Pirklova, Hana"]
[Black "Riha, Jaroslav"]
[Result "1-0"]
[WhiteElo "2155"]
[BlackElo "2080"]
[PlyCount "75"]
[EventDate "2002.10.??"]
[EventType "team"]
[EventRounds "11"]
[EventCountry "CZE"]
[SourceTitle "EXT 2007"]
[Source "ChessBase"]
[SourceDate "2006.11.23"]
[SourceVersion "1"]
[SourceVersionDate "2006.11.23"]
[SourceQuality "1"]
[WhiteTeam "Rychnov nad Kneznou"]
[BlackTeam "Ricany"]
[WhiteTeamCountry "CZE"]
[BlackTeamCountry "CZE"]

1. e4 e5 2. Nf3 Nc6 3. Bb5 a6 4. Ba4 Nf6 5. 0-0 b5 6. Bb3 Be7 7. Re1 d6 8. c3 0-0 9. h3 Na5 10. Bc2 c5 11. d4 cxd4 12. cxd4 Qc7 13. Nbd2 Nc6 14. Nf1 a5 15. Ng3 Be6 16. Bg5 Nb4 17. Bb1 Rfc8 18. Re2 a4 19. a3 Na6 20. Bd3 Qb8 21. Nf5 Bd8 22. Nxd6 Bb3 23. Qb1 Qxd6 24. dxe5 Qb6 25. exf6 Nc5 26. Be3 Qxf6 27. e5 Qa6 28. Bxh7+ Kh8 29. Bf5 Rc7 30. Bxc5 Rxc5 31. Nd2 Bd5 32. Be4 Rac8 33. Bxd5 Rxd5 34. Qf5 Qb7 35. Ne4 g6 36. Qf4 f5 37. exf6 Bc7 38. Qh6+ 1-0

[Event "CZE-chT2 0102"]
[Site "Czech Republic"]
[Date "2001.11.25"]
[Round "4.7"]
[White "Mach, Martin"]
[Black "Riha, Jaroslav"]
[Result "1/2-1/2"]
[WhiteElo "2265"]
[BlackElo "2117"]
[PlyCount "60"]
[EventDate "2001.10.??"]
[EventType "team"]
[EventRounds "11"]
[EventCountry "CZE"]
[SourceTitle "EXT 2006"]
[Source "ChessBase"]
[SourceDate "2005.11.24"]
[SourceVersion "1"]
[SourceVersionDate "2005.11.24"]
[SourceQuality "1"]

1. e4 e5 2. Nc3 Bc5 3. Bc4 Nf6 4. d3 d6 5. Na4 Nbd7 6. Nxc5 Nxc5 7. f4 exf4 8. Nf3 Be6 9. Bb3 Bxb3 10. axb3 Ne6 11. 0-0 c6 12. Qe1 Qb6+ 13. Kh1 Ng4 14. Bd2 0-0 15. Qh4 Ne3 16. Rfc1 Qd8 17. Qxd8 Rfxd8 18. Bxe3 fxe3 19. Re1 f6 20. Rxe3 Re8 21. b4 a6 22. Kg1 Nc7 23. Kf2 Re7 24. Nd4 g6 25. Nb3 Rae8 26. Rae1 Ne6 27. Rf3 Kg7 28. h4 Nc7 29. h5 Ne6 30. Kg3 Ng5 1/2-1/2